|
|
|
|
| LEADER |
00000cam a2200000 a 4500 |
| 001 |
vtls001456965 |
| 003 |
SK-MaSNL |
| 005 |
20260301104105.0 |
| 008 |
240226s2003 xo g 000 f slo |
| 015 |
|
|
|a SNBA2004/04-01275
|
| 020 |
|
|
|a 8022012459
|
| 035 |
|
|
|a SNK000412272
|
| 035 |
|
|
|a urn:nbn:sk:snk-am3ix1m
|
| 035 |
|
|
|a 9D1F7CD9-25BC-4106-93D5-F8DFFAEF11F2
|
| 035 |
|
|
|a urn:nbn:sk:snk-am00g5r8
|
| 040 |
|
|
|a SNK
|b slo
|c SNK
|e AACR2
|
| 041 |
1 |
|
|a slo
|h eng
|
| 044 |
|
|
|a xo
|c SK
|
| 072 |
|
7 |
|a 821.111-3
|x Anglická próza, anglicky písaná
|2 konspekt
|
| 080 |
|
|
|a 821.111 (94)-3
|2 1997
|
| 080 |
|
|
|a 821.111(94)-31
|2 1981
|
| 100 |
1 |
|
|a Disher, Garry,
|d 1949-
|4 aut
|9 207430
|
| 240 |
1 |
4 |
|a The divine wind
|l Slovensky
|
| 245 |
1 |
|
|a Hľadanie raja
|c Garry Disher ; [z anglického originálu preložil Viktor Krupa]
|
| 250 |
|
|
|a 1. vyd.
|
| 260 |
|
|
|a Bratislava
|b Slovenský spisovateľ
|c 2003
|
| 300 |
|
|
|a 110 s.
|c 21 cm
|
| 655 |
|
7 |
|a austrálske romány
|2 SNKPH
|9 1595
|
| 700 |
1 |
|
|a Krupa, Viktor,
|d 1936-2021
|4 trl
|9 5206
|
| 919 |
|
|
|a 80-220-1245-9
|
| 958 |
|
|
|a UP
|
| 958 |
|
|
|a NS
|
| 958 |
|
|
|a LX
|
| 958 |
|
|
|a OND
|
| 968 |
|
|
|b ENG
|d 821
|
| 999 |
|
|
|c 697214
|d 699144
|
| 952 |
|
|
|a SNK
|b SNK
|y PREZ
|7 0
|p 17A0399523
|o snkSC 113319
|i snkKSP 13187/2003
|0 0
|1 0
|4 0
|d 2003-10-10
|f 1
|l 0
|r 2025-10-02 00:00:00
|w 2026-02-23
|
| 952 |
|
|
|a SNK
|b SNK
|y VYP
|7 0
|p 17A0435766
|o snkSC 113319 D1
|i snkKSP 8989/2004
|0 0
|1 0
|4 0
|d 2004-07-09
|l 0
|r 2005-01-02 00:00:00
|w 2026-02-23
|